Представление документа в формате MARC21

Поле Инд. ПП Название Значение
Тип записи a
Библиографический уровень b
001 Контрольный номер RU/IS/BASE/267623020
005 Дата корректировки 20200529173607.1
008 Кодируемые данные 20080624
040 b Код языка каталог. rus
e Правила каталог. PSBO
041 0_ a Код языка текста rus
084 a Индекс другой классификации/Индекс ББК 83.3(2=411.2)6; 83.3(2=411.2)4
100 1_ a Автор Ранчин А. М.
245 11 a Заглавие "Слово о полку Игореве" в поэзии Иосифа Бродского: несколько наблюдений к теме
504 a Библиография Библиогр. - Примеч.: с. 78 - 80
520 0_ a Аннотация Предмет анализа - аллюзии на "Слово о полку Игореве" в стихотворении "Узнаю я этот ветер, налетающий на траву..." (1975), входящем в цикл "Часть речи" (1975 - 1976)
600 34 a Персоналии Бродский Иосиф Александрович
650 04 a Основная рубрика история литературы
a Основная рубрика литературоведение
a Основная рубрика филологические науки
653 1_ a Ключевые слова "Слово о полку Игореве"
a Ключевые слова XX век
a Ключевые слова древнерусская литература
a Ключевые слова поэзия
a Ключевые слова Россия
a Ключевые слова стихотворения
773 08 t Заглавие источника Вестник Московского университета. Серия 9, Филология
d Дата издания источника 2007
g Прочая информация № 5. - С. 72 - 80
w Контрольный № источника RU/IS/BASE/261756274
901 t Тип документа b